LEADER 01285nam a2200385 i 4500 001 991000947629707536 005 20020507180404.0 008 940418s1993 de ||| | eng 020 $a3540547010 035 $ab10779759-39ule_inst 035 $aLE01304726$9ExL 040 $aDip.to Matematica$beng 082 0 $a516.36 084 $aAMS 00A20 084 $aAMS 52B 084 $aAMS 53A 084 $aAMS 53B 084 $aAMS 53C20 084 $aAMS 53C21 084 $aAMS 53C45 084 $aAMS 58G30 084 $aQA649.G46713 100 1 $aReshetnyak, Yurii Grigorevich$0535572 245 10$aGeometry IV :$bnon-regular Riemannian geometry /$ced. Yu. G. Reshetnyak 260 $aBerlin ; New York :$bSpringer-Verlag,$cc1993 300 $a250 p. :$bill. ;$c25 cm. 490 0 $aEncyclopaedia of mathematical sciences,$x0938-0396 ;$v70 500 $aIncludes bibliographical references and indexes 650 0$aRiemannian geometry 907 $a.b10779759$b23-02-17$c28-06-02 912 $a991000947629707536 945 $aLE013 00A20 EMS11 V.70 (1993)$cV. 70$g1$i2013000146553$lle013$o-$pE0.00$q-$rl$s- $t0$u0$v0$w0$x0$y.i1087916x$z28-06-02 996 $aGeometry IV$9921840 997 $aUNISALENTO 998 $ale013$b01-01-94$cm$da $e-$feng$gde $h0$i1